| 000 | 01040nam a2200265Ia 4500 | ||
|---|---|---|---|
| 003 | OSt | ||
| 005 | 20221005103607.0 | ||
| 006 | a|||||r|||| 00| 0 | ||
| 007 | ta | ||
| 008 | 221004b |||||||| |||| 00| 0 hin d | ||
| 024 | _a17259 | ||
| 037 | _cTextual | ||
| 040 |
_aCRL _cCRL _bhin |
||
| 041 |
_2hin _ahin |
||
| 082 | _aO152,1KJAx, J3;K1 | ||
| 100 | _aबहुरा, गोपालनारायण, संपा. | ||
| 245 | 0 | _aराजस्थान पुरातन ग्रन्थमाला | |
| 246 | _aRājasthān purātan granthamālā | ||
| 260 |
_aजोधपुर _bसचालक राजस्थान प्राच्यविद्या प्रतिष्ठान भारत _c1961 |
||
| 300 |
_a162पृ0 _ccm. |
||
| 650 | _a हिन्दी साहित्य | ||
| 650 | _aहिन्दी कविता | ||
| 942 |
_hO152,1KJAx, J3;K1 _cTEXL _2cc |
||
| 999 |
_c1010379 _d1010379 |
||